000 004620000a22001810004500
003 MACL
005 20150826163927.0
008 150826b xxu||||| |||| 00| 0 eng d
040 _aMACL
_cMACL
041 _aEnglish
082 _a791.53
100 _aVenu, G.
_97703
245 _aTolpava Koothu
_bShadow Puppets of Kerala
260 _bSangeet Natak Akademi
_c2006
_aNew Delhi
350 _a295
650 _aPublic Performance
_93980
942 _cBK
_k791.53
_2ddc
999 _c2272
_d2272